[Event "Sharjah op blitz"]
[Site "Sharjah"]
[Date "2014.07.09"]
[Round "7"]
[White "Devendra, Kumar"]
[Black "Abdulla, Abdulwahab"]
[Result "1-0"]
[WhiteElo "2074"]
[BlackElo "1789"]
[PlyCount "37"]
[EventDate "2014.07.09"]
[EventType "swiss (blitz)"]
[EventRounds "9"]
[EventCountry "UAE"]
[SourceTitle "EXT 2016"]
[Source "ChessBase"]
[SourceDate "2015.10.08"]
[SourceVersion "1"]
[SourceVersionDate "2015.10.08"]
[SourceQuality "1"]

1. e4 d6 2. d4 Nf6 3. Nc3 c6 4. f4 Qa5 5. Nf3 Nbd7 6. Bd3 e5 7. 0-0 Be7 8. Kh1 0-0 9. dxe5 dxe5 10. Qe1 exf4 11. Bxf4 Ng4 12. Nd5 Qd8 13. Nxe7+ Qxe7 14. Qg3 Ndf6 15. Bd6 Qe6 16. Bxf8 Kxf8 17. Rae1 Nh5 18. Qh4 Qh6 19. Qd8# 1-0

[Event "Asia U20 op"]
[Site "Sharjah"]
[Date "2013.04.06"]
[Round "9"]
[White "Chahrour, Ibrahim"]
[Black "Abdulla, Abdulwahab"]
[Result "1-0"]
[WhiteElo "1974"]
[BlackElo "1773"]
[PlyCount "77"]
[EventDate "2013.03.30"]
[EventType "swiss"]
[EventRounds "9"]
[EventCountry "UAE"]
[SourceTitle "CBM 153 Extra"]
[Source "ChessBase"]
[SourceDate "2013.04.22"]
[SourceVersion "1"]
[SourceVersionDate "2013.04.22"]
[SourceQuality "1"]

1. e4 e5 2. Nf3 Nc6 3. Bb5 Nge7 4. c3 g6 5. d4 exd4 6. cxd4 Bg7 7. Nc3 0-0 8. 0-0 d5 9. exd5 Nxd5 10. Bg5 f6 11. Bd2 Kh8 12. Re1 Bg4 13. Be3 Nxe3 14. fxe3 f5 15. Be2 Re8 16. Qd2 Bh6 17. Bb5 Bxf3 18. gxf3 Bxe3+ 19. Rxe3 Qg5+ 20. Kf2 Qh4+ 21. Kf1 Rxe3 22. Qxe3 Qxh2 23. Bxc6 bxc6 24. Re1 Rd8 25. f4 Qh1+ 26. Ke2 Qh5+ 27. Kd3 Qh4 28. Qe5+ Kg8 29. Qe6+ Kf8 30. Re3 c5 31. d5 c4+ 32. Kc2 Rb8 33. Ne2 Qe1 34. Qe5 Qb4 35. Qh8+ Kf7 36. Qxh7+ Kf8 37. Qh8+ Kf7 38. Qc3 Qa4+ 39. Kb1 1-0

[Event "World ol U16 11th"]
[Site "Istanbul"]
[Date "2012.08.30"]
[Round "2.17"]
[White "Abdulla, Abdulwahab"]
[Black "Simmonds, Leteisha Simone"]
[Result "0-1"]
[WhiteElo "1784"]
[BlackElo "1718"]
[PlyCount "87"]
[EventDate "2012.08.29"]
[EventType "team-swiss"]
[EventRounds "10"]
[EventCountry "TUR"]
[SourceTitle "CBM 150 Extra"]
[Source "ChessBase"]
[SourceDate "2012.10.19"]
[SourceVersion "1"]
[SourceVersionDate "2012.10.19"]
[SourceQuality "1"]
[WhiteTeam "United Arab Emirates (U16)"]
[BlackTeam "Australia (U16) II"]
[WhiteTeamCountry "UAE"]
[BlackTeamCountry "AUS"]

1. e4 e6 2. d4 d5 3. Nd2 Nf6 4. e5 Nfd7 5. Bd3 c5 6. c3 Nc6 7. Ne2 cxd4 8. cxd4 f6 9. exf6 Nxf6 10. 0-0 Bd6 11. Nf3 Qc7 12. Bg5 0-0 13. Bh4 Bd7 14. a3 Rac8 15. Rc1 Qb8 16. Re1 h6 17. Bg6 Be8 18. Bb1 Bh5 19. Ng3 Bxf3 20. gxf3 g5 21. Qd3 Qc7 22. Rxe6 Bf4 23. Rc3 Rce8 24. Qg6+ Qg7 25. Qxg7+ Kxg7 26. Nf5+ Kh8 27. Rcxc6 bxc6 28. Ne7 Kg7 29. Bg3 Bxg3 30. fxg3 Kf7 31. Re2 Rxe7 32. Bg6+ Kxg6 33. Rxe7 Rf7 34. Re3 a5 35. Rc3 Rc7 36. Kf2 Nd7 37. Rb3 h5 38. Ke2 h4 39. Kd2 Kf5 40. Rc3 Nb6 41. Rc5 Nc4+ 42. Kc3 a4 43. b3 axb3 44. Kxb3 0-1

[Event "UAE President Cup"]
[Site "Abu Dhabi"]
[Date "2012.06.30"]
[Round "4"]
[White "Abdulla, Abdulwahab"]
[Black "Al Zarooni, Ahmed"]
[Result "0-1"]
[WhiteElo "1789"]
[BlackElo "1754"]
[PlyCount "60"]
[EventDate "2012.06.28"]
[EventType "swiss"]
[EventRounds "9"]
[EventCountry "UAE"]
[SourceTitle "CBM 149 Extra"]
[Source "ChessBase"]
[SourceDate "2012.08.24"]
[SourceVersion "1"]
[SourceVersionDate "2012.08.24"]
[SourceQuality "1"]

1. e4 d5 2. exd5 Qxd5 3. Nc3 Qd6 4. d4 Nf6 5. Bc4 c6 6. Nge2 Bg4 7. f3 Bf5 8. Bf4 Qd8 9. 0-0 e6 10. Ng3 Bg6 11. Re1 Be7 12. Nge4 Nd5 13. Bxd5 cxd5 14. Nc5 b6 15. Nd3 Nc6 16. Nb5 0-0 17. Ne5 Nxe5 18. Bxe5 a6 19. Nc3 Rc8 20. a3 b5 21. Qe2 b4 22. axb4 Bxb4 23. Qd2 a5 24. Re2 Rc4 25. Kh1 Qc8 26. Re3 Qc6 27. Bg3 Rc8 28. Be1 a4 29. Qd1 a3 30. Qc1 h6 0-1

[Event "UAE President Cup"]
[Site "Abu Dhabi"]
[Date "2012.06.29"]
[Round "2"]
[White "Abdulla, Abdulwahab"]
[Black "Abdulla, Ali"]
[Result "1-0"]
[WhiteElo "1789"]
[BlackElo "1744"]
[PlyCount "73"]
[EventDate "2012.06.28"]
[EventType "swiss"]
[EventRounds "9"]
[EventCountry "UAE"]
[SourceTitle "CBM 149 Extra"]
[Source "ChessBase"]
[SourceDate "2012.08.24"]
[SourceVersion "1"]
[SourceVersionDate "2012.08.24"]
[SourceQuality "1"]

1. g3 d5 2. Bg2 Nf6 3. Nf3 Bg4 4. b3 c6 5. Bb2 e6 6. 0-0 Be7 7. d3 Nbd7 8. Nbd2 0-0 9. e4 h6 10. e5 Nh7 11. h3 Bh5 12. g4 Bg6 13. Qe2 Rc8 14. Nh2 Re8 15. f4 f5 16. Ndf3 c5 17. c4 d4 18. Nd2 Rc7 19. gxf5 Bxf5 20. Ne4 Ndf8 21. Ng3 Bh4 22. Nxf5 exf5 23. Bd5+ Kh8 24. Qg2 b6 25. Nf3 Ne6 26. Nxh4 Qxh4 27. Bxe6 Rxe6 28. Qa8+ Nf8 29. Qxf8+ Kh7 30. Rf3 Rg6+ 31. Kh2 Qh5 32. Raf1 Rg4 33. e6 Rh4 34. R1f2 Rc6 35. Rg3 Rg4 36. Qf7 Qxf7 37. exf7 1-0

[Event "World ol U16 10th"]
[Site "Kocaeli"]
[Date "2011.10.29"]
[Round "8.11"]
[White "Gorbanovsky, Oleg"]
[Black "Abdulla, Abdulwahab"]
[Result "1-0"]
[WhiteElo "1904"]
[BlackElo "1763"]
[PlyCount "83"]
[EventDate "2011.10.24"]
[EventType "team-swiss"]
[EventRounds "10"]
[EventCountry "TUR"]
[SourceTitle "EXT 2012"]
[Source "ChessBase"]
[SourceDate "2011.11.24"]
[SourceVersion "1"]
[SourceVersionDate "2011.11.24"]
[SourceQuality "1"]
[WhiteTeam "Moldova U16"]
[BlackTeam "United Arab Emirates"]
[WhiteTeamCountry "MDA"]
[BlackTeamCountry "UAE"]

1. e4 c5 2. Nf3 e6 3. d4 cxd4 4. Nxd4 a6 5. Bd3 Nc6 6. Nxc6 bxc6 7. 0-0 d5 8. exd5 cxd5 9. Re1 Nf6 10. Nd2 Bd6 11. Nf3 0-0 12. Bg5 Bb7 13. c3 Be7 14. Qe2 h6 15. Bh4 Ne4 16. Bxe7 Qxe7 17. Bxe4 dxe4 18. Nd2 f5 19. f3 exf3 20. Nxf3 Rae8 21. Rad1 f4 22. Qf2 Bxf3 23. Qxf3 e5 24. Re4 Rd8 25. Rde1 Qc5+ 26. Qf2 Qxf2+ 27. Kxf2 Rd2+ 28. R1e2 Rxe2+ 29. Kxe2 Re8 30. Kf3 Kf7 31. Rb4 Re6 32. Ke4 Kf6 33. c4 g5 34. c5 Ke7 35. Rb7+ Kd8 36. Kd5 Re8 37. Rb8+ Ke7 38. Rxe8+ Kxe8 39. Kxe5 Kd7 40. Kf5 Kc6 41. h3 Kxc5 42. Ke4 1-0

[Event "World ol U16 10th"]
[Site "Kocaeli"]
[Date "2011.10.26"]
[Round "4.15"]
[White "Abdulla, Abdulwahab"]
[Black "Kenenbaev, Aidar"]
[Result "0-1"]
[WhiteElo "1763"]
[BlackElo "1597"]
[PlyCount "60"]
[EventDate "2011.10.24"]
[EventType "team-swiss"]
[EventRounds "10"]
[EventCountry "TUR"]
[SourceTitle "EXT 2012"]
[Source "ChessBase"]
[SourceDate "2011.11.24"]
[SourceVersion "1"]
[SourceVersionDate "2011.11.24"]
[SourceQuality "1"]
[WhiteTeam "United Arab Emirates"]
[BlackTeam "Kyrgyzstan"]
[WhiteTeamCountry "UAE"]
[BlackTeamCountry "KGZ"]

1. e4 e6 2. d4 d5 3. Nd2 c5 4. exd5 exd5 5. Ngf3 Nc6 6. Bb5 Bd6 7. dxc5 Bxc5 8. 0-0 Nge7 9. Nb3 Bd6 10. Re1 0-0 11. Bg5 f6 12. Bh4 Bg4 13. Bg3 Bxg3 14. hxg3 Ne5 15. Be2 N7g6 16. Nc5 b6 17. Nxe5 Bxe2 18. Rxe2 bxc5 19. Nxg6 hxg6 20. Rd2 d4 21. c3 Qb6 22. cxd4 cxd4 23. Qg4 f5 24. Qxd4 Qxd4 25. Rxd4 Rac8 26. Rad1 a5 27. R1d2 Kf7 28. Rd7+ Kf6 29. R2d6+ Kg5 30. Rxg7 Rc1+ 0-1